Регионална библиотека "Любен Каравелов" - Русе

Шипченската епопея (Запис номер 175348)

MARC детайли
000 -Лидер
Контролно поле с фиксирана дължина 01801nam a2200421 a 4500
003 - Код на организацията, давaща контролен номер
Контролно поле BLK
005 - Дата и час на последна редакция
Контролно поле 20250119004112.0
008 - Елементи от данни с фиксирана дължина
fixed length control field 180411b bul|||||r ||||||| ||bul||
010 ## - Наследен системен номер
LC control number KNG00183893000
040 ## - Източник на каталожния запис
Идентификатор на билиотеката - собственик на записа BLK
041 ## - Код за език
Код за езика на текст/звукозапис или на отделно заглавие Български
Код за езика КДБФ Български
080 ## - УДК
Текстов определител УДК Освобождение на България. Руско-турска война (1877-1878)
УДК код - определител по УДК 94(497.2)"1877/1878"
УДК определител (036)
УДК - код + определител 94(497.2)"1877/1878"(036)
100 1# - Редна дума - Автор
Автор Цанов, Емил Г.
Авторска отговорност първи автор
R(LIN) 383227
139 ## - Редно поле
Редна дума Цанов, Емил Г.
Авторски знак Цано - Ц 18
245 10 - Сведения за заглавието
Заглавие Шипченската епопея
Подзаглавни данни Пътеводител на Нац. парк-музей Шипка
Редно поле (дума) Емил Г. Цанов; съавт. Васил Вълков.
250 ## - Област на изданието
Сведения за изданието 3. изд.
257 ## - Страна на издаване
Страна на създаване/издаване България
260 ## - Област на издателските данни
Място на издаване, разпространение и проч. София
Име на издателя, разпространителя и проч. Наука и изкуство
Година на издаване 1966
300 ## - Физическа характеристика
Страници 92 с.
Илюстрации и др. с ил., 6 л. ил.
Размери/Мащаб 17 см
380 ## - Жанр
Жанр История
500 ## - Общи забележки
Забележка 1. изд. 1962. - Изд. на Нар. музей Искра - Казанлък. - 32 580 тир.
650 #4 - Допълнително описание по предмет – тема
Основно описание – тема или топоним Шипка, храм-паметник
9 (RLIN) 303237
650 #4 - Допълнително описание по предмет – тема
Основно описание – тема или топоним Шипченски боеве 1877
9 (RLIN) 319346
650 #4 - Допълнително описание по предмет – тема
Основно описание – тема или топоним Българско опълчение - паметници
9 (RLIN) 307126
650 #0 - Допълнително описание по предмет – тема
Основно описание – тема или топоним България - история
9 (RLIN) 244493
651 #4 - Допълнително описание по предмет - топоним
Географско понятие Шипка
9 (RLIN) 179803
653 ## - Ключова дума – ненормативна
Ключова дума Шипка
653 ## - Ключова дума – ненормативна
Ключова дума Храм-паметник
653 ## - Ключова дума – ненормативна
Ключова дума Руско-турска освободителна война 1877-1878
653 ## - Ключова дума – ненормативна
Ключова дума пътеводители
700 1# - Други автори (авторска отговорност)
Лично име Вълков, Васил
Автороска отговорност (Описва отношението между автора и произведението) съавт.
9 (RLIN) 382498
852 ## - Местоположение
Форматна сигнатура Цб 38018
Фондова буква Хранилище
856 4# - Електронен адрес и достъп
Електронен формат pdf - файл
856 4# - Електронен адрес и достъп
Електронен формат pdf - файл
999 ## - СИСТЕМНИ КОНТРОЛНИ НОМЕРА
Koha biblionumber 175348
Koha biblioitemnumber 175348
942 ## - АРТИКУЛИ
Вид на библиотечния материал Книги
Скрит в OPAC Не
Периодичен библиозапис Да
944 ## - СЪЗДАВАНЕ И РЕДАКЦИЯ на ЗАПИСА
Създаване/Редакция Създаване
Дата на регистрацията/редакция 20.10.2015
Статус, дата на статуса CRON CRON
Служител, извършил регистрацията/редакцията
944 ## - СЪЗДАВАНЕ И РЕДАКЦИЯ на ЗАПИСА
Създаване/Редакция Редакция
Дата на регистрацията/редакция 20.10.2015
Статус, дата на статуса ф /
Служител, извършил регистрацията/редакцията Людмила_Стоянова
Наличности
Код за отписване Код за изгубен артикул Източник на класификационната схема Код за повреда Коз за рестрикции Код за отдаване Артикулен № Име на библиотеката - собственик Име на библиотеката, в която се намира в момента Статус (Текущо местоположение) Дата на вписване в системата Местоположение - отдел Цена в лева Инвентарен номер Систематично азбучна сигнатура Баркод Номер на екземпляра Цена в евро Служебна бележка Служебен тип на артикула Бележка за публиката
  Не е изгубен Universal Decimal Classification Не е повреден само за читалня ползва се в читалня 301706 Регионална библиотека "Любен Каравелов" Русе Регионална библиотека "Любен Каравелов" Русе Хранилище 1966-01-01 Хранилище 0.33 9559/66 Цб 38018 900000097863 1 0.17 Дост: Dp Вид: Д N: стар фонд Дата: 01.01.1966 Книги  
Изтеглен Не е изгубен Universal Decimal Classification Не е повреден без рестрикции заемане за дома 301707 Регионална библиотека "Любен Каравелов" Русе Регионална библиотека "Любен Каравелов" Русе Заемна - подръчен фонд 1966-01-01 Заемна - подръчен фонд 0.00 10072/66 П 949.72.043/Ц 18 10072/66 2 0.00 Дост: Pk Вид: Ф N: стар фонд Дата: 01.01.1966 Книги  
Изтеглен Не е изгубен Universal Decimal Classification Не е повреден без рестрикции заемане за дома 301708 Регионална библиотека "Любен Каравелов" Русе Регионална библиотека "Любен Каравелов" Русе Заемна - подръчен фонд 1966-01-01 Заемна - подръчен фонд 0.00 10073/66 П 949.72.043/Ц 18 10073/66 3 0.00 Дост: Pk Вид: Ф N: стар фонд Дата: 01.01.1966 Книги  
Изтеглен Не е изгубен   Не е повреден без рестрикции заемане за дома 301709 Регионална библиотека "Любен Каравелов" Русе Регионална библиотека "Любен Каравелов" Русе   1966-01-01 Детски отдел 0.33 10199/66 ДН 949.72.043/Ц 18 10199/66 4 0.17 Дост: Pk Вид: Ф N: стар фонд Дата: 01.01.1966 Дата инв: 20.10.2015 Бележки инв: Д2015 Книги Отч.N: 49/17 , Дата: 09.10.2017
Vip Innovations Ltd, Rousse, Bulgaria 2025